[Event "Tournoi Skype 007"]
[Site "Skype"]
[Date "????.??.??"]
[Round "4.13"]
[White "Talbot, Jacques"]
[Black "Martin, Elise"]
[Result "1-0"]
[WhiteElo "1470"]
[BlackElo "1250"]
[PlyCount "73"]

1. e4 e5 2. Nf3 Nc6 3. Bb5 Nf6 4. O-O Bc5 5. d3 O-O 6. Nc3 Ng4 7. h3 Nf6 8.
Bxc6 dxc6 9. Nxe5 Re8 10. Nf3 Bb4 11. Bd2 c5 12. a3 Ba5 13. Ne2 Bb6 14. Ng3 c4
15. Bg5 cxd3 16. cxd3 Bd7 17. Ne1 Bb5 18. a4 Bd7 19. Nc2 h6 20. Bxf6 Qxf6 21.
b3 a5 22. Rc1 Be6 23. Na3 Bc5 24. Rxc5 b6 25. Rc6 Rac8 26. d4 Qe7 27. Nb5 Bd7
28. Rxc7 Rb8 29. Nf5 Qe6 30. d5 Qxe4 31. Nfd6 Qe5 32. Rxd7 Rf8 33. Qd4 Qxd4 34.
Nxd4 Rbc8 35. Nxc8 Rxc8 36. Nc6 Kh7 37. Rxf7 1-0

[Event "Tournoi Skype 007"]
[Site "Skype"]
[Date "????.??.??"]
[Round "4.15"]
[White "L'Herbon De Lussats, Jean"]
[Black "Gagnon, Sindy"]
[Result "1-0"]
[WhiteElo "1440"]
[BlackElo "1060"]
[PlyCount "87"]

1. c4 e5 2. e4 Nf6 3. Nc3 Bb4 4. d3 Nc6 5. Bd2 O-O 6. Nb5 a6 7. Bxb4 Nxb4 8.
Nc3 d6 9. Nf3 Bg4 10. Be2 Re8 11. d4 exd4 12. Nxd4 c5 13. Nc2 Nxc2+ 14. Qxc2
Bxe2 15. Qxe2 Qa5 16. O-O Rad8 17. f3 Re5 18. a3 Qc7 19. Rad1 h5 20. Nd5 Qd7
21. Nxf6+ gxf6 22. Rd5 Re7 23. Rxh5 f5 24. Rxf5 Qe6 25. Qd3 Qh6 26. Qd5 Rb8 27.
g4 b5 28. b3 bxc4 29. Rg5+ Kf8 30. Rh5 Qe3+ 31. Kg2 Rxb3 32. Qa8+ Kg7 33. Qh8+
Kg6 34. Qh7+ Kf6 35. Qf5+ Kg7 36. Rg5+ Kf8 37. Rh5 Rb2+ 38. Kg3 Rg2+ 39. Kxg2
Qe2+ 40. Rf2 Qe1 41. Qf6 Ke8 42. Rd5 Rb7 43. Rxd6 c3 44. Qd8# 1-0

[Event "Tournoi Skype 007"]
[Site "Skype"]
[Date "????.??.??"]
[Round "4.16"]
[White "Gerbaux, Regis"]
[Black "Rondeau, Annie"]
[Result "1/2-1/2"]
[WhiteElo "1370"]
[BlackElo "1010"]
[PlyCount "67"]

1. e4 e5 2. Nf3 d6 3. d4 Nc6 4. dxe5 Bg4 5. Be2 Be7 6. exd6 Bxd6 7. Nc3 Bxf3 8.
Bxf3 Nf6 9. Qe2 Nd4 10. Qd1 Nxf3+ 11. Qxf3 O-O 12. Bf4 Bb4 13. O-O Bxc3 14.
bxc3 Qe7 15. Rfe1 Rad8 16. Bg5 Rd7 17. Bxf6 Qxf6 18. Qxf6 gxf6 19. h3 Rd2 20.
Rac1 Rfd8 21. f3 a5 22. Kf1 b5 23. Re2 Rd1+ 24. Rxd1 Rxd1+ 25. Re1 Rd2 26. Re2
Rd1+ 27. Re1 Rd2 28. Re2 Rd1+ 29. Kf2 Rc1 30. e5 fxe5 31. Rxe5 Rxc2+ 32. Kg3
Rxc3 33. Rxb5 Ra3 34. Rb2 1/2-1/2

[Event "Tournoi Skype 007"]
[Site "Skype"]
[Date "????.??.??"]
[Round "4.17"]
[White "Coude, Josue"]
[Black "Blaevoet, Rebecca"]
[Result "1-0"]
[WhiteElo "1250"]
[BlackElo "1299"]
[PlyCount "79"]

1. e4 e5 2. Nf3 Nc6 3. Bb5 a6 4. Ba4 b5 5. Bb3 Nd4 6. Bd5 c6 7. Bb3 Nxf3+ 8.
Qxf3 Nf6 9. d3 Bc5 10. O-O O-O 11. Bg5 h6 12. Bh4 g5 13. Bg3 g4 14. Qe2 h5 15.
Bxe5 Nh7 16. Nc3 d6 17. Bf4 Ra7 18. a4 Nf6 19. h3 gxh3 20. Qf3 Bg4 21. Qg3 h4
22. Qxh4 Re8 23. gxh3 Bf3 24. Qg3+ Bg4 25. hxg4 d5 26. g5 Nh5 27. Qf3 Nxf4 28.
Qxf4 dxe4 29. Nxe4 Bd4 30. c3 Be5 31. Qh4 Qxd3 32. Nf6+ Bxf6 33. gxf6 Re2 34.
Qh5 Rxb2 35. Kh2 Rxb3 36. Rg1+ Qg6 37. Rxg6+ fxg6 38. Qxg6+ Kf8 39. Rg1 Rxc3
40. Qg8# 1-0

[Event "Tournoi Skype 007"]
[Site "Skype"]
[Date "????.??.??"]
[Round "4.18"]
[White "Tamditi, Ibrahim"]
[Black "Vervoort, Jean-Louis"]
[Result "1-0"]
[WhiteElo "1080"]
[BlackElo "1140"]
[PlyCount "37"]

1. e4 e5 2. Nf3 Nc6 3. Bc4 d6 4. O-O Nf6 5. d4 Nxe4 6. dxe5 Nxe5 7. Nxe5 dxe5
8. Qxd8+ Kxd8 9. Bxf7 Bc5 10. Bd5 Nf6 11. Rd1 Ke7 12. Nc3 Rd8 13. Bg5 h6 14.
Bxf6+ gxf6 15. Ne4 Bb6 16. a4 Rg8 17. Rd3 Rg7 18. c3 Bh3 19. Rxh3 1-0

[Event "Tournoi Skype 007"]
[Site "Skype"]
[Date "????.??.??"]
[Round "4.19"]
[White "Baker, Abi"]
[Black "Vincent, Andre"]
[Result "0-1"]
[WhiteElo "1299"]
[BlackElo "1440"]
[PlyCount "116"]

1. Nf3 d5 2. d4 e6 3. e3 Nf6 4. Bb5+ c6 5. Ba4 Nbd7 6. O-O Bd6 7. Nc3 O-O 8. b3
a6 9. Qd3 Re8 10. Bb2 Rb8 11. e4 e5 12. dxe5 Nxe5 13. Nxe5 Bxe5 14. exd5 b5 15.
d6 bxa4 16. Rad1 axb3 17. axb3 Qd7 18. f4 Bxc3 19. Bxc3 Nh5 20. Ba5 Rb5 21. b4
Rf5 22. c4 Nxf4 23. Qg3 Nh3+ 24. Qxh3 Rxf1+ 25. Rxf1 Qxh3 26. gxh3 Bxh3 27. d7
Bxd7 28. Rd1 Bg4 29. Ra1 h6 30. Bb6 Re2 31. c5 Rb2 32. Bd8 Rxb4 33. Rxa6 Rb1+
34. Kf2 Bd7 35. Ke3 Rh1 36. Kd4 Rxh2 37. Ke5 f5 38. Kd6 Rd2+ 39. Kc7 f4 40. Be7
f3 41. Ra1 g5 42. Bd6 f2 43. Kxd7 Rc2 44. Kxc6 Kf7 45. Rf1 Kg6 46. Kc7 Kf7 47.
c6 Kg6 48. Rh1 Rxc6+ 49. Kxc6 h5 50. Rf1 Kh6 51. Rxf2 h4 52. Rf6+ Kh5 53. Kd7
Kg4 54. Ke6 Kh3 55. Rf3+ Kg4 56. Rf1 Kh5 57. Kf6 h3 58. Rh1 Kh4 0-1

[Event "Tournoi Skype 007"]
[Site "Skype"]
[Date "????.??.??"]
[Round "4.20"]
[White "Porcabeuf, Jean-Marc"]
[Black "Marty, Yvette"]
[Result "1-0"]
[WhiteElo "1270"]
[BlackElo "1020"]
[PlyCount "27"]

1. d4 d5 2. c4 e6 3. Nf3 Ne7 4. Nc3 b6 5. Bg5 h6 6. Bxe7 Qxe7 7. e4 dxe4 8.
Nxe4 Bb7 9. Bd3 Qd8 10. O-O Be7 11. Bc2 O-O 12. Qd3 Nc6 13. Nf6+ Bxf6 14. Qh7#
1-0

[Event "Tournoi Skype 007"]
[Site "Skype"]
[Date "????.??.??"]
[Round "5.1"]
[White "Catherine, Bertrand"]
[Black "Auger, Bertrand"]
[Result "1/2-1/2"]
[WhiteElo "1850"]
[BlackElo "1990"]
[PlyCount "55"]

1. e4 e6 2. d4 d5 3. exd5 exd5 4. Bd3 Bd6 5. Qf3 Nf6 6. h3 O-O 7. Ne2 c6 8. Bf4
Re8 9. Bxd6 Qxd6 10. Nbc3 Nbd7 11. O-O Nf8 12. Qg3 Qxg3 13. Nxg3 Ng6 14. f4 Bd7
15. f5 Nf8 16. Rae1 h5 17. Re5 h4 18. Nge2 Nh5 19. Rxe8 Rxe8 20. Kf2 Nh7 21.
Kf3 N7f6 22. Nd1 Ne4 23. Kg4 Nd2 24. Rf2 g6 25. Kxh4 Kg7 26. fxg6 fxg6 27. Nf4
Nxf4 28. Rxf4 1/2-1/2

[Event "Tournoi Skype 007"]
[Site "Skype"]
[Date "????.??.??"]
[Round "5.2"]
[White "Deville, Olivier"]
[Black "Hervais, Adrien"]
[Result "1/2-1/2"]
[WhiteElo "1900"]
[BlackElo "2020"]
[PlyCount "104"]

1. c4 e6 2. Nf3 d5 3. b3 Nf6 4. Bb2 c6 5. e3 Nbd7 6. d4 Bb4+ 7. Nbd2 Ne4 8. a3
Bd6 9. g3 Ndf6 10. Bg2 Ng4 11. Nxe4 dxe4 12. Nd2 f5 13. Nxe4 O-O 14. Nxd6 Qxd6
15. O-O Bd7 16. Qe2 Qe7 17. f3 Nh6 18. Bc3 Qf7 19. Bb4 Rfe8 20. e4 Rad8 21. f4
Bc8 22. Rad1 fxe4 23. g4 e5 24. fxe5 Bxg4 25. Qxe4 Bxd1 26. Rxf7 Nxf7 27. e6
Ng5 28. Qb1 Rxd4 29. Bc3 Rdd8 30. Bd5 cxd5 31. Qxd1 dxc4 32. Qg4 Nxe6 33. Qxc4
Rc8 34. Qb4 b6 35. Qa4 a6 36. Qd7 Rcd8 37. Qb7 Rd1+ 38. Kf2 Rf8+ 39. Ke2 Rdd8
40. Qxb6 Nf4+ 41. Ke1 Nd5 42. Qa5 Nxc3 43. Qxc3 Rde8+ 44. Kd1 Rf1+ 45. Kd2 Rf2+
46. Kd1 Rxh2 47. a4 Rf8 48. Qc4+ Kh8 49. Qxa6 h5 50. Qb5 h4 51. Qh5+ Kg8 52.
Qd5+ Kh8 1/2-1/2

[Event "Tournoi Skype 007"]
[Site "Skype"]
[Date "????.??.??"]
[Round "5.3"]
[White "Lambert, Pierre"]
[Black "Peignien, Laurent"]
[Result "1/2-1/2"]
[WhiteElo "1840"]
[BlackElo "1590"]
[PlyCount "70"]

1. e4 e6 2. d4 d5 3. e5 c5 4. c3 Nc6 5. Nf3 Bd7 6. Bd3 cxd4 7. cxd4 Qb6 8. Bc2
Rc8 9. a3 Nge7 10. O-O Ng6 11. Nc3 Be7 12. Re1 O-O 13. Rb1 Nd8 14. Bg5 f6 15.
exf6 gxf6 16. Bh6 Rf7 17. h4 f5 18. h5 Nh4 19. Ne5 Bf6 20. Nxf7 Nxf7 21. Be3
Ng5 22. Bxg5 Bxg5 23. Qd3 Be8 24. g3 Bxh5 25. gxh4 Bf6 26. Nxd5 exd5 27. Qxf5
Rxc2 28. Qxc2 Qxd4 29. Qc8+ Kg7 30. Qxb7+ Kh6 31. Qc6 Qg4+ 32. Kh2 Qxh4+ 33.
Kg2 Qg4+ 34. Kf1 Qh3+ 35. Kg1 Qg4+ 1/2-1/2

[Event "Tournoi Skype 007"]
[Site "Skype"]
[Date "????.??.??"]
[Round "5.4"]
[White "Legueltel, Daniel"]
[Black "Le Brun, Yves"]
[Result "1/2-1/2"]
[WhiteElo "1740"]
[BlackElo "1560"]
[PlyCount "105"]

1. e4 c5 2. Nf3 d6 3. d4 cxd4 4. Nxd4 a6 5. Nc3 Nc6 6. Be2 Nf6 7. O-O e6 8. Kh1
Bd7 9. f4 Nxd4 10. Qxd4 Bc6 11. Bf3 Qc7 12. Be3 Rd8 13. f5 e5 14. Qd2 Be7 15.
Qf2 Nd7 16. Rad1 b5 17. Qg3 Bf6 18. Rf2 Nc5 19. Rfd2 O-O 20. h4 Qe7 21. h5 Nb7
22. Qh3 Bg5 23. Bxg5 Qxg5 24. Nd5 Be8 25. Qh2 Kh8 26. Nc7 Qe7 27. Nxa6 Na5 28.
b3 Nc6 29. c3 g6 30. Nb4 Nxb4 31. cxb4 gxh5 32. Bxh5 f6 33. Bxe8 Rfxe8 34. Rd5
Rg8 35. R1d3 Rg4 36. Re3 Qa7 37. Rh3 Rxe4 38. Rd1 Rf4 39. Rh5 Rxb4 40. Rd3 Re4
41. Qg1 Qxg1+ 42. Kxg1 d5 43. Rh6 Kg7 44. Rdh3 Rh8 45. R6h5 d4 46. Kf2 Rf4+ 47.
Ke2 e4 48. Rh1 d3+ 49. Ke3 Rg4 50. Rc1 d2 51. Rc7+ Kg8 52. Rc8+ Kg7 53. Rc7+
1/2-1/2

[Event "Tournoi Skype 007"]
[Site "Skype"]
[Date "????.??.??"]
[Round "5.6"]
[White "Malbec, Robert"]
[Black "De Leener, Luc"]
[Result "1/2-1/2"]
[WhiteElo "1510"]
[BlackElo "1700"]
[PlyCount "92"]

1. e4 c5 2. Nf3 Nc6 3. d4 cxd4 4. Nxd4 d6 5. c3 Nf6 6. Nd2 Qb6 7. Nxc6 bxc6 8.
Bd3 Ba6 9. Bxa6 Qxa6 10. Qe2 Qxe2+ 11. Kxe2 Rb8 12. Re1 Ng4 13. h3 Ne5 14. f3
e6 15. f4 Nd7 16. Nb3 Be7 17. g3 O-O 18. Be3 a6 19. Rab1 Rfc8 20. Red1 d5 21.
e5 Nb6 22. Bxb6 Rxb6 23. Rd2 Rcb8 24. Na1 c5 25. b3 a5 26. Rbd1 g6 27. c4 d4
28. Rd3 Kg7 29. Nc2 f6 30. Na3 fxe5 31. fxe5 Rf8 32. Rf1 Rxf1 33. Kxf1 Rb8 34.
Rf3 Rb4 35. Nb5 a4 36. Nc7 axb3 37. Nxe6+ Kg8 38. Rxb3 Rxb3 39. axb3 Kf7 40.
Nf4 g5 41. Nd3 Ke6 42. g4 h6 43. Ke2 Kd7 44. Kf3 Ke6 45. Ke4 Bf8 46. Kf3 Be7
1/2-1/2

[Event "Tournoi Skype 007"]
[Site "Skype"]
[Date "????.??.??"]
[Round "5.8"]
[White "Antonic, Nenad"]
[Black "Plourde, Alain"]
[Result "0-1"]
[WhiteElo "1530"]
[BlackElo "1780"]
[PlyCount "96"]

1. d4 d5 2. e3 Nf6 3. Bd3 e6 4. Nf3 c5 5. c3 c4 6. Bc2 Be7 7. O-O O-O 8. Re1
Nc6 9. Nbd2 Qc7 10. e4 h6 11. e5 Nd7 12. Nf1 f6 13. exf6 Nxf6 14. Nh4 Ne4 15.
Ng6 Nxf2 16. Qh5 Rf6 17. Re2 Nd3 18. Bxd3 cxd3 19. Rf2 Rxf2 20. Kxf2 Bf6 21.
Ne5 Bxe5 22. dxe5 Qf7+ 23. Qxf7+ Kxf7 24. Bf4 g5 25. Bg3 h5 26. h3 h4 27. Bh2
b6 28. Nd2 Ba6 29. Ke3 Ke7 30. Nf3 Rg8 31. Ne1 g4 32. hxg4 Rxg4 33. Kf3 Re4 34.
Rd1 Nxe5+ 35. Bxe5 Rxe5 36. Nxd3 Bxd3 37. Rxd3 Re4 38. Rd1 Kf6 39. b3 b5 40.
Rd4 Rxd4 41. cxd4 Kf5 42. b4 e5 43. dxe5 Kxe5 44. g4 hxg3 45. Kxg3 Kd4 46. Kf3
Kc3 47. Ke3 d4+ 48. Ke2 Kc2 0-1

[Event "Tournoi Skype 007"]
[Site "Skype"]
[Date "????.??.??"]
[Round "5.9"]
[White "Talbot, Jacques"]
[Black "Jacquelin, Norbert"]
[Result "1/2-1/2"]
[WhiteElo "1470"]
[BlackElo "1740"]
[PlyCount "64"]

1. e4 Nf6 2. e5 Nd5 3. c4 Nb6 4. d4 d6 5. exd6 cxd6 6. h3 g6 7. Nf3 Bg7 8. Nc3
Nc6 9. Be2 O-O 10. Be3 Bf5 11. b3 Nb4 12. O-O Nc2 13. Rc1 Nxe3 14. fxe3 e5 15.
dxe5 dxe5 16. Qxd8 Raxd8 17. Rcd1 Rxd1 18. Nxd1 Rd8 19. Nf2 e4 20. Nh4 Rd2 21.
Nxf5 gxf5 22. Bh5 Nc8 23. a4 Ne7 24. Rd1 Rxd1+ 25. Bxd1 Nc6 26. g4 Bh6 27. gxf5
Bxe3 28. Kf1 Bxf2 29. Kxf2 Nd4 30. Ke3 Nxf5+ 31. Kxe4 Ne7 32. Ke5 Kg7 1/2-1/2

[Event "Tournoi Skype 007"]
[Site "Skype"]
[Date "????.??.??"]
[Round "5.10"]
[White "L'Herbon De Lussats, Jean"]
[Black "Duthoit, Bernard"]
[Result "0-1"]
[WhiteElo "1440"]
[BlackElo "1630"]
[PlyCount "70"]

1. c4 c5 2. Nc3 b6 3. Nf3 Bb7 4. e4 Nc6 5. d4 cxd4 6. Nxd4 g6 7. Nf3 Bg7 8. g3
d6 9. Bg2 Nf6 10. O-O O-O 11. Bg5 h6 12. Bxf6 Bxf6 13. Nd5 Bxb2 14. Rb1 Bg7 15.
Re1 e6 16. Nb4 Nxb4 17. Rxb4 Bc3 18. Rb5 Bxe1 19. Nxe1 Rc8 20. e5 Bxg2 21. Kxg2
dxe5 22. Rxe5 Qxd1 23. Nf3 Rxc4 24. Re1 Qd2 25. Nxd2 Rc2 26. Ne4 Rxa2 27. Nf6+
Kg7 28. Ng4 Rd8 29. Rc1 a5 30. Ne3 b5 31. Rc5 b4 32. Rb5 Rdd2 33. Ng4 f5 34.
Ne5 Rxf2+ 35. Kh3 Rxh2# 0-1

[Event "Tournoi Skype 007"]
[Site "Skype"]
[Date "????.??.??"]
[Round "5.11"]
[White "Capdeville, Jean"]
[Black "Megelas, Florent"]
[Result "1-0"]
[WhiteElo "1440"]
[BlackElo "1610"]
[PlyCount "107"]

1. e4 e5 2. Nc3 Nf6 3. a3 Nc6 4. Nf3 Bc5 5. d3 d6 6. Bg5 h6 7. Bxf6 Qxf6 8. h3
Be6 9. Nb5 Bb6 10. Be2 a6 11. Nc3 Nd4 12. O-O Nxe2+ 13. Qxe2 Qg6 14. Nh4 Qg5
15. Nf5 Bxf5 16. exf5 Qxf5 17. Nd5 Qe6 18. Nxb6 cxb6 19. Rfe1 O-O 20. Qe4 Rab8
21. c3 f5 22. Qe3 b5 23. f3 Rbc8 24. Re2 Rfe8 25. Rae1 Re7 26. f4 Rce8 27. fxe5
Qxe5 28. Qxe5 Rxe5 29. Rxe5 Rxe5 30. Rxe5 dxe5 31. Kf2 Kf7 32. g3 g5 33. Kf3
Kf6 34. b3 b6 35. b4 h5 36. Ke3 Ke6 37. Kf3 a5 38. bxa5 bxa5 39. Ke3 Kd5 40.
Kf3 e4+ 41. dxe4+ fxe4+ 42. Ke3 Kc4 43. Kxe4 Kxc3 44. Kd5 b4 45. axb4 axb4 46.
Ke5 b3 47. Kf5 g4 48. hxg4 hxg4 49. Kxg4 b2 50. Kh5 b1=Q 51. g4 Qh1+ 52. Kg5
Kd4 53. Kf5 Qh5+ 54. gxh5 1-0

[Event "Tournoi Skype 007"]
[Site "Skype"]
[Date "????.??.??"]
[Round "5.13"]
[White "Armingaud, Jean-Claude"]
[Black "De Coninck, Philippe"]
[Result "0-1"]
[WhiteElo "1180"]
[BlackElo "1540"]
[PlyCount "54"]

1. e4 e5 2. Nf3 Nc6 3. Bc4 Nd4 4. Nxd4 exd4 5. Qf3 Nf6 6. O-O d6 7. d3 Be7 8.
b3 O-O 9. Bb2 c5 10. Bd5 Nxd5 11. exd5 a6 12. a4 Qa5 13. Qe4 Re8 14. Re1 Bd7
15. h3 Bg5 16. Qf3 Qxe1+ 17. Kh2 Re5 18. Nd2 Qxd2 19. Rd1 Qf4+ 20. Qxf4 Bxf4+
21. Kg1 Rae8 22. Kf1 Re2 23. c3 Rxb2 24. Re1 Rxe1+ 25. Kxe1 Rxb3 26. cxd4 cxd4
27. g3 Bh6 0-1

[Event "Tournoi Skype 007"]
[Site "Skype"]
[Date "????.??.??"]
[Round "5.14"]
[White "Vincent, Andre"]
[Black "Gerbaux, Regis"]
[Result "0-1"]
[WhiteElo "1440"]
[BlackElo "1370"]
[PlyCount "104"]

1. d4 d5 2. c4 e6 3. e3 Nf6 4. Bd3 Nc6 5. Nc3 a6 6. Nf3 Be7 7. O-O O-O 8. Re1
Bd7 9. a3 dxc4 10. Bxc4 Na5 11. Ba2 c5 12. Ne5 Nc6 13. Nxd7 Qxd7 14. d5 Ne5 15.
e4 exd5 16. exd5 Ng6 17. Ne4 Rad8 18. h3 Nxd5 19. Bg5 Bxg5 20. Nxg5 h6 21. Nf3
Ndf4 22. Qxd7 Rxd7 23. Bc4 Kh8 24. b4 b5 25. Bf1 Nd3 26. Bxd3 Rxd3 27. bxc5 Rc3
28. Rec1 Rxc1+ 29. Rxc1 Rc8 30. c6 Ne7 31. Ne5 Kg8 32. c7 Nd5 33. Nc6 Rxc7 34.
Rc5 Nf4 35. Kf1 Nd3 36. Ne7+ Rxe7 37. Rc8+ Kh7 38. Rd8 Nc5 39. Rd1 f6 40. g3
Ne4 41. Re1 Nd2+ 42. Kg2 Rxe1 43. h4 Ra1 44. Kh3 Rxa3 45. Kg2 b4 46. Kh3 b3 47.
Kg2 b2 48. Kh3 b1=Q 49. Kg4 Qe1 50. Kf5 Ra5+ 51. Kg4 Qe4+ 52. Kh3 Qh1+ 0-1

[Event "Tournoi Skype 007"]
[Site "Skype"]
[Date "????.??.??"]
[Round "5.15"]
[White "Rondeau, Annie"]
[Black "Tamditi, Ibrahim"]
[Result "0-1"]
[WhiteElo "1010"]
[BlackElo "1080"]
[PlyCount "38"]

1. e4 d6 2. Nf3 e5 3. d4 Bg4 4. dxe5 dxe5 5. Bd2 Nf6 6. h3 Bh5 7. g4 Bg6 8.
Nxe5 Bxe4 9. Bg2 Bxg2 10. Rg1 Bxh3 11. Rg3 Bd6 12. Rxh3 Bxe5 13. Bc3 Bxc3+ 14.
bxc3 Qxd1+ 15. Kxd1 Nxg4 16. Ke2 O-O 17. f3 Re8+ 18. Kd3 Nf2+ 19. Kd2 Nxh3 0-1

[Event "Tournoi Skype 007"]
[Site "Skype"]
[Date "????.??.??"]
[Round "5.17"]
[White "Martin, Elise"]
[Black "Ouellet, Emile"]
[Result "0-1"]
[WhiteElo "1250"]
[BlackElo "1360"]
[PlyCount "72"]

1. e4 e5 2. Nf3 d6 3. Nc3 c5 4. Bc4 Bg4 5. O-O Be7 6. h3 Bxf3 7. Qxf3 Nf6 8. d3
O-O 9. Qg3 Nh5 10. Qg4 Nf6 11. Qg3 Nh5 12. Qg4 Nf6 13. Qg3 Nh5 14. Qf3 g6 15.
Bh6 Re8 16. Qxf7+ Kh8 17. Qg7+ Nxg7 18. Ne2 Bg5 19. Bxg7+ Kxg7 20. d4 cxd4 21.
Ng3 Rf8 22. f3 Be3+ 23. Kh1 Qg5 24. Ne2 Qh4 25. Ng1 Bxg1 26. Kxg1 Nd7 27. Rf2
Qg3 28. Raf1 Rf4 29. Bd5 Raf8 30. Bxb7 Rh4 31. Kh1 Rff4 32. Ba6 Nc5 33. Be2 Ne6
34. Bc4 Ng5 35. a4 Nxh3 36. gxh3 Rxh3+ 0-1

[Event "Tournoi Skype 007"]
[Site "Skype"]
[Date "????.??.??"]
[Round "5.18"]
[White "Blaevoet, Rebecca"]
[Black "Porcabeuf, Jean-Marc"]
[Result "0-1"]
[WhiteElo "1299"]
[BlackElo "1270"]
[PlyCount "82"]

1. c4 Nf6 2. b3 d5 3. Bb2 e6 4. e3 Nc6 5. g3 Bb4 6. Bg2 O-O 7. Ne2 e5 8. O-O
Re8 9. cxd5 Nxd5 10. d4 e4 11. a3 Bd6 12. Nd2 Nf6 13. Rc1 Bf5 14. h3 Ne7 15. g4
Bxg4 16. hxg4 Nxg4 17. Nxe4 Bh2+ 18. Kh1 Ng6 19. Qd2 Qh4 20. Rxc7 Bxc7+ 21. Bh3
Qxh3+ 22. Kg1 Qh1+ 23. Kxh1 Rxe4 24. Qd3 Re6 25. Rc1 Nxf2+ 26. Kg1 Nxd3 27.
Rxc7 Nxb2 28. Rxb7 Rxe3 29. Kf1 Rf3+ 30. Kg2 Rf6 31. d5 Nd1 32. b4 Ne3+ 33. Kg3
Nxd5 34. a4 a5 35. b5 h6 36. b6 Nxb6 37. Nc3 Rd8 38. Ra7 Rd3+ 39. Kg4 Rxc3 40.
Rxa5 Rc4+ 41. Kh5 Rh4# 0-1

[Event "Tournoi Skype 007"]
[Site "Skype"]
[Date "????.??.??"]
[Round "5.19"]
[White "Gagnon, Sindy"]
[Black "Vervoort, Jean-Louis"]
[Result "0-1"]
[WhiteElo "1060"]
[BlackElo "1140"]
[PlyCount "36"]

1. e4 e5 2. Nf3 Nc6 3. d3 d6 4. Be2 Nf6 5. O-O Be7 6. Bg5 O-O 7. Nbd2 b6 8. c3
Bb7 9. Qb3 Ng4 10. Nh4 Bxg5 11. Nf5 Bxd2 12. Rad1 Bh6 13. Bxg4 Bc8 14. Bh5 g6
15. Bg4 gxf5 16. exf5 Bf4 17. Qa4 Qh4 18. Qxc6 Qxh2# 0-1

[Event "Tournoi Skype 007"]
[Site "Skype"]
[Date "????.??.??"]
[Round "5.20"]
[White "Marty, Yvette"]
[Black "Baker, Abi"]
[Result "0-1"]
[WhiteElo "1020"]
[BlackElo "1299"]
[PlyCount "90"]

1. e4 Nc6 2. Nf3 e5 3. c3 Nf6 4. d3 b6 5. Ng5 Ng4 6. Nf3 Bc5 7. d4 exd4 8. cxd4
Bb4+ 9. Bd2 a5 10. Be2 O-O 11. O-O Re8 12. Bd3 Qf6 13. Re1 Nxd4 14. Nxd4 Qh4
15. Nf3 Qh5 16. Bf4 Bxe1 17. Qxe1 d5 18. Nbd2 c5 19. Bc7 Re6 20. Bf4 Bb7 21.
Nf1 dxe4 22. Ng3 Qd5 23. Qd2 exf3 24. h3 Re2 25. Nxe2 fxe2 26. Bxe2 Qxd2 27.
Bxd2 f5 28. hxg4 Rf8 29. g3 Rf6 30. f4 Rh6 31. g5 Rh1+ 32. Kf2 Rxa1 33. Bc4+
Kf8 34. Bc3 a4 35. b3 Rxa2+ 36. Ke3 a3 37. b4 Rc2 38. Kd3 Rxc3+ 39. Kxc3 a2 40.
Bxa2 Ke7 41. Bc4 Kd6 42. Bg8 h5 43. Bh7 b5 44. Bxf5 Kd5 45. Bg6 c4 0-1

[Event "Tournoi Skype 007"]
[Site "Skype"]
[Date "????.??.??"]
[Round "6.1"]
[White "Auger, Bertrand"]
[Black "Deville, Olivier"]
[Result "1-0"]
[WhiteElo "1990"]
[BlackElo "1900"]
[PlyCount "103"]

1. Nf3 c5 2. c4 Nc6 3. Nc3 e5 4. g3 g6 5. Bg2 Bg7 6. O-O Nge7 7. a3 O-O 8. Rb1
a5 9. e3 d6 10. b3 h6 11. Bb2 Be6 12. d3 d5 13. cxd5 Nxd5 14. Qc2 Rc8 15. Rbc1
Qd7 16. Nd2 Nce7 17. Nc4 Qc7 18. Nb5 Qd7 19. Nbd6 Rc6 20. Nxb7 Qxb7 21. Nxa5
Qb5 22. Nxc6 Nxc6 23. b4 Ncxb4 24. axb4 Nxb4 25. Qxc5 Qxc5 26. Rxc5 Nxd3 27.
Rc2 Nxb2 28. Rxb2 Bf6 29. Rd1 Kg7 30. Bd5 Rd8 31. e4 Bg4 32. Rd3 Rd7 33. Rb7
Rxb7 34. Bxb7 g5 35. f3 Bh5 36. g4 Bg6 37. Bc8 h5 38. h3 hxg4 39. hxg4 Be7 40.
Rd5 Kf6 41. Kf2 Bb4 42. Ke3 Ba3 43. Kd3 Bf8 44. Kc4 Ba3 45. Ra5 Bb2 46. Kd5 Bd4
47. Rb5 Ba1 48. Rc5 Bd4 49. Rc6+ Ke7 50. Bf5 Bxf5 51. gxf5 f6 52. Rc7+ 1-0

[Event "Tournoi Skype 007"]
[Site "Skype"]
[Date "????.??.??"]
[Round "6.2"]
[White "Bourdeau, Yvan"]
[Black "Catherine, Bertrand"]
[Result "0-1"]
[WhiteElo "1620"]
[BlackElo "1850"]
[PlyCount "42"]

1. e4 c5 2. Nc3 Nc6 3. Nf3 e5 4. d3 d6 5. h3 Be7 6. Bd2 Nf6 7. Rb1 d5 8. exd5
Nxd5 9. Nxd5 Qxd5 10. c4 Qd6 11. Be2 O-O 12. O-O Qg6 13. Kh1 f5 14. b3 b6 15.
a3 Bb7 16. Rg1 Rad8 17. Qc1 e4 18. Ne1 Nd4 19. Bd1 Ne6 20. dxe4 fxe4 21. Bf4
Nxf4 0-1

[Event "Tournoi Skype 007"]
[Site "Skype"]
[Date "????.??.??"]
[Round "6.3"]
[White "Hervais, Adrien"]
[Black "Gharbi, Said"]
[Result "1-0"]
[WhiteElo "2020"]
[BlackElo "1390"]
[PlyCount "33"]

1. e4 b6 2. d4 Nc6 3. Nf3 Nf6 4. Nc3 e6 5. e5 Nd5 6. Ne4 Be7 7. c4 Ndb4 8. a3
Na6 9. b4 Nab8 10. d5 Nxb4 11. axb4 Bxb4+ 12. Bd2 Bxd2+ 13. Qxd2 a5 14. Bd3 O-O
15. O-O d6 16. Nf6+ gxf6 17. Qh6 1-0

[Event "Tournoi Skype 007"]
[Site "Skype"]
[Date "????.??.??"]
[Round "6.4"]
[White "Le Brun, Yves"]
[Black "Lambert, Pierre"]
[Result "0-1"]
[WhiteElo "1560"]
[BlackElo "1840"]
[PlyCount "40"]

1. Nf3 Nf6 2. g3 g6 3. b3 Bg7 4. Bb2 O-O 5. Bg2 d6 6. d3 c5 7. Nbd2 Nc6 8. O-O
Bd7 9. Ng5 h6 10. Nge4 Nxe4 11. Bxg7 Nxd2 12. Bxh6 Nxf1 13. Bxf8 Qxf8 14. Kxf1
Qh6 15. h4 Rb8 16. e3 Ne5 17. Kg1 Bg4 18. Qc1 Nf3+ 19. Kh1 g5 20. Qd1 gxh4 0-1

[Event "Tournoi Skype 007"]
[Site "Skype"]
[Date "????.??.??"]
[Round "6.5"]
[White "Peignien, Laurent"]
[Black "Legueltel, Daniel"]
[Result "1-0"]
[WhiteElo "1590"]
[BlackElo "1740"]
[PlyCount "153"]

1. e4 c5 2. c3 d6 3. d4 cxd4 4. Nf3 Nf6 5. Qxd4 Nc6 6. Bb5 Bd7 7. Bxc6 Bxc6 8.
O-O Bxe4 9. Nbd2 Bxf3 10. Nxf3 g6 11. Bg5 Bg7 12. Qb4 Qc7 13. Rfe1 O-O 14. Nd4
Nd5 15. Qb3 e6 16. Nb5 Qb6 17. c4 Nc7 18. Be7 Nxb5 19. Bxf8 Nd4 20. Qxb6 axb6
21. Bxg7 Nc2 22. Bc3 Nxa1 23. Rxa1 Rc8 24. Bd4 Rxc4 25. Bxb6 d5 26. b3 Rc2 27.
Bd4 Kf8 28. Bf6 Ke8 29. a4 Kd7 30. a5 Kc6 31. h4 Kb5 32. Ra4 h5 33. Kf1 Rc1+
34. Ke2 Rb1 35. Ra3 Rc1 36. Kd2 Rf1 37. Ke3 Re1+ 38. Kd2 Rf1 39. Ke2 Rc1 40.
Bd4 Kb4 41. a6 bxa6 42. Rxa6 Kxb3 43. Rb6+ Ka4 44. Rb7 Rc4 45. Ke3 e5 46. Bb2
f5 47. Rb6 Rxh4 48. Rxg6 Re4+ 49. Kd2 d4 50. Rg5 Kb3 51. Bc1 Rg4 52. Rxh5 Rxg2
53. Rxf5 e4 54. Ke2 e3 55. Bxe3 dxe3 56. Kxe3 Kc4 57. Ke4 Rg1 58. Rf8 Re1+ 59.
Kf5 Rf1 60. f4 Kd4 61. Re8 Kd5 62. Kg5 Rg1+ 63. Kf6 Rf1 64. f5 Kd6 65. Rd8+ Kc7
66. Rd4 Kc6 67. Kg6 Rg1+ 68. Kf7 Rf1 69. f6 Kc5 70. Rd8 Kc6 71. Kg7 Rg1+ 72.
Kf8 Rf1 73. f7 Kc7 74. Rd4 Kc6 75. Rg4 Kd7 76. Kg8 Ke7 77. Re4+ 1-0

[Event "Tournoi Skype 007"]
[Site "Skype"]
[Date "????.??.??"]
[Round "6.6"]
[White "Plourde, Alain"]
[Black "Malbec, Robert"]
[Result "1-0"]
[WhiteElo "1780"]
[BlackElo "1510"]
[PlyCount "95"]

1. d4 d5 2. c4 Nf6 3. cxd5 Nxd5 4. e4 Nb6 5. Nf3 Bg4 6. Be2 e6 7. O-O Be7 8.
Nc3 N8d7 9. d5 exd5 10. Nxd5 Nxd5 11. Qxd5 c6 12. Qd3 Nf6 13. Qxd8+ Rxd8 14. e5
Nd7 15. Bf4 O-O 16. h3 Bxf3 17. Bxf3 h6 18. Rfd1 Nb6 19. b3 Rd7 20. Rxd7 Nxd7
21. Rd1 Rd8 22. Bg4 Nb6 23. Rxd8+ Bxd8 24. Be3 Bc7 25. Bxb6 Bxb6 26. Bc8 Bd4
27. Bxb7 c5 28. Kf1 Bxe5 29. Ke2 f6 30. Kd3 Bc7 31. Ke4 Kf8 32. Kf5 Bb6 33. f3
Bc7 34. Ke6 Bb6 35. Kd6 g5 36. Be4 Kf7 37. Bf5 Kg7 38. Kc6 Kf7 39. Kb5 Ke7 40.
Kc6 Kf7 41. a4 Ke7 42. Bg4 Kf7 43. Kb5 Kg6 44. a5 f5 45. Bxf5+ Kxf5 46. axb6
axb6 47. Kxb6 Ke5 48. Kxc5 1-0